000
00195nam a22000857a 4500
008
170124b xxu||||| |||| 00| 0 eng d
100
_9
2547
_a
Chawla.A
245
_a
Sound
260
_a
New Delhi
_b
DP
_c
2010
999
_c
5642
_d
5642